Statistiques concernant Chansons de La Belle au bois dormant

Cliquez ici pour prendre le quiz!

Statistiques générales

  • Ce quiz a été pris 6 fois
  • Le résultat moyen est 3 sur 7

Statistiques - réponses

Personnage(s)IndicesChansons% Correct
Aurore, Philippe et chœursD'une blague des animaux à une danse avec le princeJ'en ai rêvé
100%
ChœurGénérique du début et titre principalJ'en ai rêvé (titre principal)
100%
ChœurLa naissance de la princesseDouce Aurore
40%
AuroreExplique ses rêves à ses amis les animauxJe voudrais
20%
Maléfique et ChœurElle emprisonne le prince Philippe pour pas qu'il embrasse ...La belle au bois dormant
0%
Les fées et ChœurBénédictions de la princesse (avant arrivée de Maléfique)Les dons des fées
0%
Stéphane et HubertLes rois fêtent le futur mariage de leurs enfantsTrinquons à ce soir
0%

Distribution des résultats

Percentile par nombre de réponses

% des personnes avec chaque résultat

Votre développement - résultats

Vous n’avez pas pris ce quiz